Prince Caspian : (Record no. 368646)
[ view plain ]
| 000 -LEADER | |
|---|---|
| fixed length control field | 00543nam a22001697a 4500 |
| 003 - CONTROL NUMBER IDENTIFIER | |
| control field | 0 |
| 005 - DATE AND TIME OF LATEST TRANSACTION | |
| control field | 20251114120711.0 |
| 008 - FIXED-LENGTH DATA ELEMENTS--GENERAL INFORMATION | |
| fixed length control field | 251114b xxu||||| |||| 00| 0 eng d |
| 020 ## - INTERNATIONAL STANDARD BOOK NUMBER | |
| International Standard Book Number | 0-06-440944-9 |
| 050 ## - LIBRARY OF CONGRESS CALL NUMBER | |
| Classification number | PZ 7 |
| Item number | .L48 1994 |
| 100 ## - MAIN ENTRY--PERSONAL NAME | |
| Personal name | Lewis, C.S., |
| Relator term | author. |
| 245 ## - TITLE STATEMENT | |
| Title | Prince Caspian : |
| Remainder of title | the return to Narnia : the chronicles of Narnia book four / |
| Statement of responsibility, etc | C.S. Lewis. |
| 260 ## - PUBLICATION, DISTRIBUTION, ETC. (IMPRINT) | |
| Place of publication, distribution, etc | New York, NY : |
| Name of publisher, distributor, etc | HarperCollins Publishers, |
| Date of publication, distribution, etc | 1994. |
| 300 ## - PHYSICAL DESCRIPTION | |
| Extent | 223 pages : |
| Other physical details | colored illustrations ; |
| Dimensions | 20 cm. |
| 650 ## - SUBJECT ADDED ENTRY--TOPICAL TERM | |
| Topical term or geographic name as entry element | Fantasy fiction. |
| 942 ## - ADDED ENTRY ELEMENTS (KOHA) | |
| Source of classification or shelving scheme | Library of Congress Classification |
| Koha item type | Books |
| Withdrawn status | Lost status | Source of classification or shelving scheme | Damaged status | Home library | Current library | Shelving location | Date acquired | Source of acquisition | Sub Shelving location | Total Checkouts | Full call number | Barcode | Date last seen | Price effective from | Koha item type |
|---|---|---|---|---|---|---|---|---|---|---|---|---|---|---|---|
| Library of Congress Classification | College Library | College Library | Fiction Section | 08/01/2024 | Donation | PZ 7 .L48 1994 | C25678 | 11/14/2025 | 11/14/2025 | Books |